Tratado de botánica

محفوظ في:
التفاصيل البيبلوغرافية
المؤلفون الرئيسيون: Strasburger, Eduard (مؤلف), Noll, Federico (مؤلف), Schenck, Enrique (مؤلف), Schimper, A. F. W (مؤلف)
التنسيق: كتاب
اللغة:الإسبانية
منشور في: Barcelona Marín 1960
الطبعة:5a. ed
الموضوعات:
الوسوم: إضافة وسم
لا توجد وسوم, كن أول من يضع وسما على هذه التسجيلة!

MARC

LEADER 00000nam a2200000 a 4500
001 UCV8668
003 CL-VaPUC
008 911114e19600000SP |||||||||||||||||spa|d
082 0 4 |a 581  |b STR  |2 21 
100 0 |a Strasburger, Eduard  |e author  |9 302695 
700 0 |a Noll, Federico  |e author  |9 302696 
700 0 |a Schenck, Enrique  |e author  |9 302697 
700 0 |a Schimper, A. F. W  |e author  |9 302698 
245 1 0 |a Tratado de botánica 
250 |a 5a. ed 
300 |a 651 p 
942 |c BK 
945 |d 19911114 00:00:00 
260 |a Barcelona  |b Marín  |c 1960 
650 0 |a Botánica  |9 264202 
583 |a last modification  |c 20171031 10:59:45  |k Rodrigo Vera 
999 |c 214151  |d 214149 
952 |0 0  |1 0  |4 0  |6 581_000000000000000_STR_1960  |7 0  |8 P  |9 197262  |a BIBARQ  |b BIBARQ  |d 2019-11-14  |i 2649543  |o 581 STR 1960  |p 2649543  |r 2025-01-20  |w 2019-11-14  |y BK  |k ARQ